Every Character In Percy Jackson And The Olympians By Letter-L - Statistics

General Stats
  • This quiz has been taken 8 times
  • The average score is 2 of 8
Answer Stats
Times Mentioned Answer % Correct
677 Luke Castellan
88%
9 Lee Fletcher
50%
22 Leneus
25%
10 Ladon
13%
1 Larry
13%
1 Laurel
0%
1 Lockhart
0%
1 Lysas
0%
No matching quizzes found
Score Distribution
Percent of People with Each Score
Percentile by Number Answered
Your Score History
You have not taken this quiz